00353 2200133 4500001002100000005001500021035002400036090001800060245004500078250001100123260004000134300002400174990002100198YOGYA00000000007282220140823083818 0010-081400000072539 aDEP 813 Min A aApi Di Bukit Menoreh jilid 26cmintardja acet. 1 ayogyakartabkedaulatan rakyatc1996 a80hlm.cilus.c21cm aCB-D.11-1994-758